000 00441nam a2200181Ia 4500
001 17347
005 20260306171511.0
008 260306s9999||||xx |||||||||||||| ||und||
041 _aESP
082 _a657.72
_bH58
100 _aHirache Flores, Luz
_eAUT
245 0 _aMedición de activos tangibles e intangibles
260 _c2016
300 _a30 páginas :
_c24 cm.
650 _aGEN
654 _aCCO
942 _cLIB
_dJUS
_fJUS
_2ddc
_n
999 _c17347
_d17347